Building Foundations $[ electronic resource] (Record no. 115638)
[ view plain ]
| 000 -LEADER | |
|---|---|
| fixed length control field | 01351cam a22002415a 4500 |
| 001 - CONTROL NUMBER | |
| control field | L159037 |
| 008 - FIXED-LENGTH DATA ELEMENTS--GENERAL INFORMATION | |
| fixed length control field | 151215s2015 xxk f 000 0 eng d |
| 035 ## - SYSTEM CONTROL NUMBER | |
| System control number | (Sirsi) u159037 |
| 041 0# - LANGUAGE CODE | |
| Language code of text/sound track or separate title | eng |
| 110 2# - MAIN ENTRY--CORPORATE NAME | |
| Corporate name or jurisdiction name as entry element | JLL |
| 9 (RLIN) | 6136 |
| 245 00 - TITLE STATEMENT | |
| Title | Building Foundations $[ electronic resource] |
| 260 ## - PUBLICATION, DISTRIBUTION, ETC. | |
| Place of publication, distribution, etc. | London |
| Name of publisher, distributor, etc. | JLL |
| Date of publication, distribution, etc. | 2015 |
| 520 ## - SUMMARY, ETC. | |
| Summary, etc. | Highlights key factors driving the UK housing market including Help to Buy schemes, low interest rates and starter homes. Looks at risks to the economy such as EU Referendum, interest rate rises which could affect the residential property market from 2016 onwards as well as global ones outside the control of the UK government. Predicts house price growth of between 3-5% between 2016 and 2020. Predicts how the London residential property market will prosper as well as the private rented sector. Concludes with a five year regional housing market growth forecast. |
| 590 ## - LOCAL NOTE (RLIN) | |
| Local note | KA |
| 650 24 - SUBJECT ADDED ENTRY--TOPICAL TERM | |
| Topical term or geographic name entry element | HELP-TO-BUY |
| 650 24 - SUBJECT ADDED ENTRY--TOPICAL TERM | |
| Topical term or geographic name entry element | STARTER HOMES |
| 650 24 - SUBJECT ADDED ENTRY--TOPICAL TERM | |
| Topical term or geographic name entry element | INTEREST RATES |
| 650 24 - SUBJECT ADDED ENTRY--TOPICAL TERM | |
| Topical term or geographic name entry element | HOUSE PRICES |
| 651 #4 - SUBJECT ADDED ENTRY--GEOGRAPHIC NAME | |
| Geographic name | United Kingdom |
| Chronological subdivision | |
| 690 ## - LOCAL SUBJECT ADDED ENTRY--TOPICAL TERM (OCLC, RLIN) | |
| Topical term or geographic name as entry element | Residential property |
| 9 (RLIN) | 6266 |
| 856 40 - ELECTRONIC LOCATION AND ACCESS | |
| Uniform Resource Identifier | <a href="https://residential.jll.co.uk/en-GB/new-residential-thinking-home/research/residential-forecast-report-building-foundations-november-2015.aspx">https://residential.jll.co.uk/en-GB/new-residential-thinking-home/research/residential-forecast-report-building-foundations-november-2015.aspx</a> |
| Public note | View the item free of charge from the www.residential.jll.co.uk website. |
| 942 ## - ADDED ENTRY ELEMENTS (KOHA) | |
| Suppress in OPAC | 0 |
| Withdrawn status | Lost status | Source of classification or shelving scheme | Damaged status | Not for loan | Home library | Current library | Shelving location | Date acquired | Total Checkouts | Full call number | Barcode | Date last seen | Copy number | Price effective from | Koha item type |
|---|---|---|---|---|---|---|---|---|---|---|---|---|---|---|---|
| Dewey Decimal Classification | Virtual | Virtual | Online | 15/12/2015 | ONLINE PUBLICATION | 159037-2001 | 06/08/2019 | 1 | 06/08/2019 | Book |